Sengkela Takdir

Bibliographic Details
Main Author: Ana Balqis
Format: Book
Published: Selangor : Makruf Publisher & Dist. Sdn. Bhd. , 1996
Subjects:

MARC

LEADER 00000cam a2200000 7i4500
001 0000009534
005 20120808.0
008 120803 bm
020 |a 9839041320 
090 0 0 |a BF ANA 
100 0 |a Ana Balqis. 
245 0 0 |a Sengkela Takdir   |c Ana Balqis 
260 |a Selangor :   |b Makruf Publisher & Dist. Sdn. Bhd. ,   |c 1996 
300 |a 139p. ;   |c 19cm. 
650 0 0 |a Malay Fiction 
999 |a 0000133450   |b Buku   |c Rak Terbuka   |e Perpustakaan Cawangan Masjid Tanah 
999 |a 0000326950   |b Buku   |c Rak Terbuka   |e Perpustakaan Cawangan Jasin 
999 |a 00615   |b Buku   |c Rak Terbuka   |e Perbadanan Perpustakaan Awam Melaka 
999 |a 31303   |b Buku   |c Rak Terbuka   |e Perpustakaan Cawangan Masjid Tanah 
999 |a 40945   |b Buku   |c Rak Terbuka   |e Perpustakaan Cawangan Jasin